000 00887nam1a2200289 4500
001 RU\NLR\BIBL_A\022666678
005 20260406094820.0
035 _a(NLR Aleph) 022666678
090 _a13472257
_c13472257
100 _a20251214 rusy50
101 0 _arus
102 _aRU
105 _a z
181 0 _ai3
_baxxe
182 0 _an
200 1 _aОккультная астрология
_fГара Сафос
203 _aТекст
_bвизуальный
_cнепосредственный
210 _aМосква
_cВелигор
_d2025-
215 _d22
606 1 _aАстрология
_91178522
_3RU\NLR\AUTH\66156241
686 1 _aЭ391.211
700 0 _7ca
_8rus
_aСафос
_bГ.
_gГара
_3RU\NLR\AUTH\770287196
_92688019
852 _aNLR
_j2025-5/9695
942 _cBOOK
980 _aNB